000 00329nam a2200121Ia 4500
008 230411s9999 xx 000 0 und d
041 _aeng
082 _aPA/616.96/SAR/B00499
100 _aSarkar
_9176615
245 _aHand Book of Medical Parasiotology and Clinical Pathology
260 _aKolkata
999 _c151969
_d151969